000 00683nam a2200241Ia 4500
005 20250425162204.0
008 250425s9999 xx 000 0 und d
041 _aeng
082 _a658.4
100 _aDEVOL, ROSS
245 0 _aCALIFORNIA S POSITION IN TECHNOLOGY AND SCIENCE: A COMPARATIVE BENCHMARKING ASSESSMENT
250 _aS.E.
260 _aEstados Unidos
_bMILKEN INSTITUTE
_c2004
260 _aS.L.
300 _a124
500 _aROSS DEVOL, ROB KOEPP, JUNGHOON KI, FRANK FOGELBACH
650 _aBENCHMARKING
650 _aCALIFORNIA
650 _aCIENCIA Y TECNOLOGIA
710 _aMILKEN INSTITUTE. GLOBAL CONFERENCE
942 _c01
010 _a54999
999 _c224149
_d224149